Responses for Show #4026 - Monday, February 18, 2002

(Sofia: Yes, ye people of Salem, Massachusetts, I admit it, I admit it--I am a Jeopardy! Clue Crew member!)

Contestants

[<< previous game]

Erin Lang, a law student from Macon, Georgia

Alex Boisvert, a graduate student from Los Angeles, California

Susan Robbins, a training and development professional from Chicago, Illinois (whose 2-day cash winnings total $36,401)

[next game >>]

Jeopardy! Round responses

THE SALEM WITCH TRIALS
SONGS' LATER VERSES
I DO IMPRESSIONS
WOMEN OF THE WORLD
THE ENVIRONMENT
YOU KNOW WHAT THEY SAY...
    $200 16
coffins

Alex
    $200 11
"The Star-Spangled Banner"

Erin
    $200 6
John Wayne

Erin
    $200 1
Italy

Alex
    $200 21
nail

Erin
    $400 17
9

Triple Stumper
    $400 12
Frosty the Snowman

Alex
    $400 7
Homer Simpson

Susan
    $400 2
Cuba

Erin
    $400 29
[The end of the round signal sounds.]

brush fire

Susan
    $400 22
(Susan: What is cry?)
(Erin: What is does not laugh?)
...
(Alex Trebek: We have less than a minute to go now, Erin.)

hesitates

SusanErin
Triple Stumper
    $600 18
Lord's Prayer

Erin
    $600 13
(Erin: What is "My Old Kentucky Home"?)
(Susan: What is "Swanee River"?)

"Camptown Races"

SusanErin
Triple Stumper
    $600 8
Humphrey Bogart

Alex
    $600 3
Germany

Alex
    $600 28
formaldehyde

Erin
    $600 23
good things

Erin
    $800 19
his wife

Alex
    $800 14
(Erin: What is "Memory?")

"The Way We Were"

SusanErin
    $800 9
Katharine Hepburn

Triple Stumper
    $800 4
(Alex Boisvert: What is Sweden?)

Mexico

AlexErin
    $800 26
Rio de Janeiro

Alex
    $1,000 24
That's the way the cookie crumbles

Erin
    $1000 20
(Erin: What is the raised eyebrow?)
(Susan: What is your eyebrow?)
...
(Alex Trebek: She did it
with her [*]. That's this one,
by the way.)

evil eye

SusanErin
Triple Stumper
    $1000 15
"Just the Way You Are"

Erin
    $1000 10
Dr. Ruth

Alex
    $1000 5
(Susan: What is Ireland?)
(Erin: What is America?)

Australia

SusanErin
Triple Stumper
    $1000 27
Land Management

Triple Stumper
    $1000 25
discretion

Erin

Scores at the first commercial break (after clue 15):

Susan Alex Erin
-$400 $2,000 $200

Scores at the end of the Jeopardy! Round:

Susan Alex Erin
-$1,400 $3,800 $2,800

Double Jeopardy! Round responses

KEEN ON KENYA
ELEMENTAL LATIN
(Alex Trebek: We'll give you the Latin names of chemical elements; you have to give the English.)
FEATURE FILM DEBUTS
CATCH THE "WAVE"
SERFS UP
ENDINGS
    $400 21
England (Great Britain)

Susan
    $400 11
iron

Alex
    $400 16
Gillian Anderson

Erin
    $400 6
microwave

Erin
    $400 26
Moses

Susan
    $400 1
freeways

Triple Stumper
    $800 22
Nairobi

Alex
    $800 12
gold

Alex
    $800 17
Jane Fonda

Susan
    $800 7
tidal wave

Susan
    $800 27
Russia

Susan
    $800 2
silos

Susan
    $1200 23
Swahili

Alex
    $1200 13
(Erin: What is argon?)

silver

AlexErin
    $1200 18
Roseanne

Erin
    $1200 8
brain waves

Susan
    $1200 28
holy Roman emperor

Erin
    $1,000 3
Kenneth Branagh & Emma Thompson

Susan
    $1600 24
Lake Victoria

Susan
    $1600 14
copper

Alex
    $1600 19
Lara Flynn Boyle

Erin
    $1600 9
new wave

Susan
    $2,000 29
(Erin: [*]?)
(Alex Trebek: Yes.)
[Proper phrasing was not heard.]

Sparta

Erin
    $1600 4
Memorial Stadium

Triple Stumper
    $2000 25
(Alex Trebek: That's it. We have a minute to go now.)

Great Rift Valley

Alex
    $2000 15
sodium

Erin
    $2000 20
(Erin: Who is Rod Stewart?)

Kevin Kline

Erin
Triple Stumper
    $2000 10
seismic

Alex
    $2000 30
Tutsi

Alex
    $2000 5
Progressive

Erin

Scores at the end of the Double Jeopardy! Round:

Susan Alex Erin
$8,000 $15,800 $10,400

[wagering suggestions for these scores]

Final Jeopardy! Round responses

TRANSPORTATION
SusanWhat is a dirigible?
$5,000
ErinWhat is a zeppelin?
$7,600
AlexWhat is a zeppelin?
$5,001
zeppelin

Final scores:

Susan Alex Erin
$3,000 $20,801 $18,000
3rd place: trip to Santa Ana Pueblo, New Mexico & stay at Hyatt Regency Tamaya Resort & Spa New champion: $20,801 2nd place: trip to Puerto Vallarta, Mexico & stay at Allegro Resorts

Game dynamics:

Coryat scores:

Susan Alex Erin
$8,200 $15,800 $9,800
13 R
(including 1 DD),
4 W
17 R,
1 W
19 R
(including 2 DDs),
7 W

Combined Coryat: $33,800

[game clues] [game scores] [suggest correction]

Game tape date: 2001-11-27
The J! Archive is created by fans, for fans. Scraping, republication, monetization, and malicious use prohibited; this site may use cookies and collect identifying information. See terms. The Jeopardy! game show and all elements thereof, including but not limited to copyright and trademark thereto, are the property of Jeopardy Productions, Inc. and are protected under law. This website is not affiliated with, sponsored by, or operated by Jeopardy Productions, Inc. Join the discussion at JBoard.tv.